Responses for Show #3591 - Monday, March 27, 2000

Contestants

[<< previous game]

Mary Near, a social studies teacher from Ironton, Ohio

Kelly Brumbelow, a graduate student from Marietta, Georgia

Bryan Marcus, a sales clerk from Montevallo, Alabama (whose 1-day cash winnings total $6,799)

[next game >>]

Jeopardy! Round responses

AMERICAN DATEBOOK
CONVEYANCES
TERMITE TRIVIA
STATE NICKNAMES
PURPLE MUSIC
4-LETTER WORDS
    $100 6
Michael Jordan

Bryan
    $100 19
Lawn mower

Kelly
    $100 25
(B: What is Hawaii?)

Alaska

BryanMary
    $100 1
Florida

Bryan
    $100 15
"Purple Rain"

Mary
    $100 7
Cuff

Bryan
    $200 11
John F. Kennedy

Bryan
    $200 20
Pram

Kelly
    $200 27
(B: What is an ant?)

Cockroach

BryanMary
    $200 2
Connecticut

Kelly
    $200 16
Jimi Hendrix

Kelly
    $200 8
Calm

Triple Stumper
    $300 12
Leave It to Beaver

Mary
    $300 21
Piper Cub

Mary
    $300 28
(K: What is 15 months?)

15 years

BryanKelly
    $300 3
Utah

Triple Stumper
    $300 18
Stone Temple Pilots

Kelly
    $300 9
Lord

Bryan
    $500 13
New Jersey (Atlantic City)

Mary
    $400 23
Wagon

Kelly
    $400 29
(B: What is chlorophyll?)
(M: What is sugar?)

Cellulose

BryanMary
Triple Stumper
    $400 4
New Hampshire

Kelly
    $400 22
(K: Who is John Williams?)

Quincy Jones

BryanKelly
    $400 10
Flat

Mary
    $500 14
J. Robert Oppenheimer

Mary
    $500 24
(Alex: You guys are a lot younger than I thought!)

Handcar

Triple Stumper
    $500 30
Pheromones

Kelly
    $500 5
Mississippi

Triple Stumper
    $500 26
Sheb Wooley

Triple Stumper
    $500 17
Kohl

Mary

Scores at the first commercial break (after clue 15):

Bryan Kelly Mary
$800 $600 $1,800

Scores at the end of the Jeopardy! Round:

Bryan Kelly Mary
$800 $1,600 $2,500

Double Jeopardy! Round responses

INTERNATIONAL DATEBOOK
BEST ORIGINAL SCREENPLAY
(Alex: We would like you to name the film for us.)
FICTIONAL CHARACTERS
LANDMARKS
MATH
"EAT" IT
    $200 4
Ayatollah Khomeini

Bryan
    $200 21
Good Will Hunting

Kelly
    $200 1
Troy

Kelly
    $200 2
Notre Dame

Mary
    $200 12
decimal

Bryan
    $200 22
cheaters

Bryan
    $400 5
Beijing

Mary
    $400 23
Pulp Fiction

Mary
    $400 15
Alexei (or Dmitri or Ivan)

Kelly
    $400 3
Teddy Roosevelt Island

Triple Stumper
    $400 16
the perimeter

Kelly
    $400 27
treaties

Bryan
    $600 6
Northern Ireland

Kelly
    $600 24
(Alex: We have less than a minute to go.)

Fargo

Bryan
    $600 20
Fagin

Mary
    $600 7
Scotland

Kelly
    $600 17
deviation

Kelly
    $600 28
retreat

Kelly
    $800 11
the Suez Canal Zone

Kelly
    $500 26
Network

Bryan
    $800 14
(Kelly: Who is Jane Eyre?)

Emma

KellyMary
    $800 8
Canadian National

Bryan
    $800 18
an inequality

Kelly
    $800 29
[The end-of-round signal sounds.]

John Keats

Bryan
    $1000 10
Chile

Mary
    $1000 25
Chinatown

Triple Stumper
    $1000 13
Silas Lapham

Triple Stumper
    $1,800 9
(Bryan: What is the American Building?)

Pan Am Building

Bryan
    $1000 19
complementary angles

Mary

Scores at the end of the Double Jeopardy! Round:

Bryan Kelly Mary
$2,700 $6,000 $6,900

[wagering suggestions for these scores]

Final Jeopardy! Round responses

FAMOUS WOMEN
BryanWho is Taussaud?
$2,700
KellyWho is Lamoge?
$5,998
MaryWho
$5,200
Marie Tussaud

Final scores:

Bryan Kelly Mary
$5,400 $2 $1,700
2-day champion: $12,199 3rd place: Sony Music "100 Years" CD Set 2nd place: JVC Home Theater System & DirecTV Satellite Service

Game dynamics:

Coryat scores:

Bryan Kelly Mary
$4,800 $6,000 $6,800
15 R
(including 1 DD),
4 W
(including 1 DD)
18 R,
3 W
16 R
(including 1 DD),
1 W

Combined Coryat: $17,600

[game clues] [game scores] [suggest correction]

Game tape date: 2000-01-12
The J! Archive is created by fans, for fans. Scraping, republication, monetization, and malicious use prohibited; this site may use cookies and collect identifying information. See terms. The Jeopardy! game show and all elements thereof, including but not limited to copyright and trademark thereto, are the property of Jeopardy Productions, Inc. and are protected under law. This website is not affiliated with, sponsored by, or operated by Jeopardy Productions, Inc. Join the discussion at JBoard.tv.